Statistics for Countries That Coldplay Have Been To During Their World Tour

Click here to take the quiz!

General Stats

  • This quiz has been taken 35 times
  • The average score is 26 of 31

Answer Stats

Answer% Correct
United States
97%
Australia
94%
Brazil
94%
Canada
94%
Germany
94%
Italy
94%
Japan
94%
Mexico
94%
United Kingdom
94%
Argentina
91%
Austria
91%
Poland
91%
Spain
91%
Chile
88%
France
88%
Ireland
88%
Netherlands
88%
Sweden
88%
Belgium
85%
Denmark
85%
Colombia
82%
Philippines
79%
Thailand
79%
India
76%
New Zealand
76%
South Korea
76%
Switzerland
73%
Peru
70%
Taiwan
61%
United Arab Emirates
61%
Singapore
48%

Score Distribution

Percentile by Number Answered

Percent of People with Each Score

Your Score History

You have not taken this quiz